Country Quiz: Haiti 🇭🇹 - Statistics

General Stats
  • This quiz has been taken 22 times
    18 since last reset
  • The average score is 17 of 34
Answer Stats
Hint Answer % Correct
Language French
92%
Bordering Country Dominican Republic
85%
In 2010, this natural disaster killed a staggering 200,000 people in Haiti Earthquake
85%
In 1915, this powerhouse country invaded due to fear that its investments in the country was in jeopardy, the country's troops would remain in Haiti until 1934 USA
85%
Time zones 1 (UTC-5)
77%
Bordering Seas Caribbean sea
77%
In 1492, this explorer made shore on the island where modern-day Haiti is situated on Christopher Columbus
77%
National Sport Football
77%
In 1697, that same country would cede their settlement to this fellow European country, who not only would give Haiti its name, but also end up ruling the island until its independence France
77%
Nationality Haitian
77%
And that same explorer gave the island the _________, or "Little Spain" Hispaniola
77%
Capital Port-Au-Prince
77%
In 1496, this European country established a settlement on the island, making it the first European settlement in the Western hemisphere in recorded history Spain
77%
Bordering Oceans Atlantic ocean
69%
Main Religion Christianity
69%
State-Condition Republic
62%
Climate Tropical
62%
Independence 1804
54%
With its independence, not only did Haiti become the first _____ republic, but also the first country achieve its independence through a _____ revolt Black
54%
Most Famous Leader (1957-1971) François Duvalier
54%
In 1801, a former slave, turned guerilla leader, conquers Haiti; abolishes slavery and makes it an autonomous territory, rather than colony Toussaint Louverture
46%
As of 2018, an estimated 50-80% of Haitians practises some form of this unusual religion Vodou
46%
Slave
38%
Second-Largest City Cap Haïtien
31%
Currency Gourde
15%
Founding Father Jean-Jacques Dessalines
15%
Unitary
15%
In 2021, unidentified gunmen would break into the Presidential palace - and execute the current President. The country has yet managed to regain stability since then Jovenel Moïse
8%
Main Economic Sector Tertiary / Service
8%
National Dish Griyo
0%
National Animal Hispaniolan Trogon
0%
In 1990, this Haitian, populist priest would end up winning Haiti's first democratic election, although, he'd be overthrown on two separate occasions (1991 and 2004) Jean-Bertrand Aristide
0%
Type of Government Semi-Presidential
0%
Main Export Textile
0%
No matching quizzes found
Score Distribution
Percent of People with Each Score
Percentile by Number Answered
Your Score History
You have not taken this quiz since the last reset